APUSH Period 7: Chapter 22 - Statistics

General Stats
  • This quiz has been taken 86 times
  • The average score is 6 of 23
Answer Stats
Hint Answer % Correct
Panic inspired by the rise of Communism Red Scare
92%
No more liquor Prohibition
70%
Most famous product of the above, music Jazz
58%
Women who smoked and wore makeup, 1920s progressive women who were a minority Flappers
54%
Most famous jazz artist Louis Armstrong
51%
Black artists and writers championed race pride, articulated what it meant to be black Harlem Renaissance
46%
Scandal, secret leasing of government oil reserves to private companies Teapot Dome
28%
Pushed the Red Scare to its limit, eyed the Presidency A. Mitchell Palmer
26%
One of the two arrested for murder of two men during robbery of a shoe factory; Italian aliens, anarchists, evaded military draft Nicola Sacco
24%
1920s resurgence, gathered at Stone Mountain, specific hatred towards blacks Ku Klux Klan
22%
Federal agents invade homes, arrest 6k citizens/aliens denied them their rights Palmer Raids
22%
One of the two arrested for murder of two men during robbery of a shoe factory; Italian aliens, anarchists, evaded military draft Bartolomeo Vanzetti
19%
Those who survived World War 1 Lost Generation
18%
Violation of state law by teaching the theory of evolution Scopes Trial
18%
Led UNIA, wanted to mobilize black workers and separatism. Wanted all blacks to move to Africa Marcus Garvey
16%
US foreign policy, use of money to exert influence Dollar Diplomacy
15%
All African people of descent should cooperative in political action Pan-Africanism
5%
System of labor relations that stressed managements responsibility for employees wellbeings Welfare Capitalism
5%
Contributed to 1929 Wall Street Crash, people bought with intent to pay later, despite having no money Consumer Credit
4%
Part of the Silver Legion, group aligned with Hitler's Nazi's, practiced welfare capitalism Henry Ford
3%
Founded Paramount Pictures, produced successful feature length films Adolph Zukor
1%
Formed during Red Scare, protect free speech rights, challenged the law's constitutionity American Civil Liberties Union
0%
Led by Jane Addams, denounced imperialism, stressed the human suffering caused by militarism, proposed social justice measures Women's International League for Peace and Freedom
0%
No matching quizzes found
Score Distribution
Percent of People with Each Score
Percentile by Number Answered
Your Score History
You have not taken this quiz